[Event "Fredericia Chess IM 2025"]
[Site "Fredericia"]
[Date "2025.05.28"]
[Round "1.1"]
[White "Falkesgaard, Jeppe Hald"]
[Black "Medhus, Vitus Bondo"]
[Result "1-0"]
[WhiteElo "2271"]
[BlackElo "2384"]
[EventDate "2025.05.28"]
[EventType "tourn"]
[EventRounds "9"]
[EventCountry "DEN"]
[SourceTitle "Live v. Claus Marcussen - Fredericia"]

1. Nf3 d5 2. g3 Nf6 3. Bg2 c6 4. c4 dxc4 5. O-O g6 6. Na3 Bg7 7. Nxc4 O-O 8. d3 Nbd7 9. Bd2 Nd5 10. e4 N5b6 11. Qc2 Nxc4 12. dxc4 Nc5 13. Rad1 Qd3 14. Qxd3 Nxd3 15. b3 Nb2 16. Rb1 a5 17. Bc1 Nd3 18. Bg5 Re8 19. Rfd1 Nb4 20. Rd2 Bc3 21. Re2 Bg4 22. a3 Na6 23. Rc2 Bg7 24. Be3 c5 25. h3 Be6 26. Rd2 Rab8 27. Ng5 Bc8 28. Rbd1 h6 29. Rd8 Rf8 30. Rxf8+ Bxf8 31. Nf3 Be6 32. Ne5 Bg7 33. Nd7 Rc8 34. Nb6 Rc6 35. Rd8+ Kh7 36. Na4 Rd6 37. Rxd6 exd6 38. Bd2 Nb8 39. Bxa5 Nc6 40. Bc3 Bxc3 41. Nxc3 Nd4 42. Bf1 Kg7 43. Kg2 Kf6 44. b4 cxb4 45. axb4 Nc2 46. Nb5 Ke7 47. c5 d5 48. exd5 Bxd5+ 49. Kh2 Nxb4 50. Nc3 Ke6 51. Nxd5 Nxd5 52. Bb5 Nc7 53. Ba4 Na6 54. c6 b6 55. Bb3+ Ke7 56. Kg2 f6 57. Bc2 Kd6 58. Bxg6 Kxc6 59. f4 Nc5 60. Kf3 Kd5 61. Kg4 Ne4 62. Bf7+ Kd4 63. Kh5 Nxg3+ 64. Kxh6 Ke4 65. Kg6 f5 66. h4 Ne2 67. h5 Nxf4+ 68. Kf6 Nxh5+ 69. Bxh5 f4 70. Ke6 b5 71. Kd6 Kd4 72. Be2 b4 73. Bd1 1-0

[Event "Fredericia Chess IM 2025"]
[Site "Fredericia"]
[Date "2025.05.28"]
[Round "1.2"]
[White "Fries Nielsen, Jens Ove"]
[Black "Farokhi, Keyvan"]
[Result "0-1"]
[WhiteElo "2300"]
[BlackElo "2344"]
[EventDate "2025.05.28"]
[EventType "tourn"]
[EventRounds "9"]
[EventCountry "DEN"]
[SourceTitle "Live v. Claus Marcussen - Fredericia"]

1. d4 Nf6 2. Nc3 d5 3. Bf4 e6 4. e3 a6 5. a3 c5 6. g4 h6 7. h3 Nc6 8. Nge2 b5 9. Bg2 Bb7 10. Bh2 Bd6 11. Bxd6 Qxd6 12. f4 cxd4 13. exd4 h5 14. g5 Nh7 15. h4 g6 16. O-O Ne7 17. Ng3 Nf8 18. Nce2 a5 19. Nc1 Nd7 20. Nd3 Rc8 21. b4 Rc4 22. Nc5 Nxc5 23. bxc5 Qc7 24. Rf3 Nc6 25. Ne2 Ne7 26. Ng3 O-O 27. Bf1 Rd8 28. c3 b4 29. axb4 axb4 30. cxb4 Rxb4 31. Rb1 Rxb1 32. Qxb1 Bc6 33. Qe1 Rb8 34. Bh3 Bd7 35. Qe5 Qxe5 36. fxe5 Rb4 37. Rf4 Nc6 38. Ne2 Bc8 39. Kf2 Ba6 40. Bf1 Bxe2 41. Bxe2 Rxd4 42. Ke3 Rxf4 43. Kxf4 Nd4 44. Ke3 Nxe2 45. c6 Ng3 0-1

[Event "Fredericia Chess IM 2025"]
[Site "Fredericia"]
[Date "2025.05.28"]
[Round "1.3"]
[White "Mattenberger, Matthias"]
[Black "Bank, Pelle Rodkjaer"]
[Result "1-0"]
[WhiteElo "2286"]
[BlackElo "2275"]
[EventDate "2025.05.28"]
[EventType "tourn"]
[EventRounds "9"]
[EventCountry "DEN"]
[SourceTitle "Live v. Claus Marcussen - Fredericia"]

1. d4 d6 2. c4 e5 3. d5 e4 4. Nc3 f5 5. g3 Nf6 6. Bg2 g6 7. Nh3 Nbd7 8. f3 exf3 9. exf3 Bg7 10. O-O O-O 11. Be3 Ne5 12. b3 h6 13. Qd2 Kh7 14. Rae1 Bd7 15. Kh1 Re8 16. Bd4 c5 17. dxc6 Bxc6 18. Nf4 Qa5 19. Rd1 Rad8 20. h4 h5 21. Ne4 Qxd2 22. Ng5+ Kg8 23. Rxd2 Bh6 24. Bxa7 Nh7 25. Bb6 Rd7 26. Nd5 Bxd5 27. Rxd5 Nf6 28. Rd2 d5 29. cxd5 Nxd5 30. Bg1 Nb4 31. Re2 Bxg5 32. hxg5 Kf7 33. a3 Nbd3 34. Rd2 f4 35. Bh2 fxg3 36. Bxg3 Red8 37. Kh2 Rd4 38. Rfd1 R4d7 39. Kg1 Nb2 40. Rxd7+ Rxd7 41. Rxd7+ Nxd7 42. f4 b6 43. Bd5+ Ke7 44. Be4 Kf7 45. Bc2 Nc5 46. Bf2 Nbd3 47. b4 1-0

[Event "Fredericia Chess IM 2025"]
[Site "Fredericia"]
[Date "2025.05.28"]
[Round "1.4"]
[White "Kanov, Nikola Krasimirov"]
[Black "Skytte, Rasmus"]
[Result "0-1"]
[WhiteElo "2429"]
[BlackElo "2360"]
[EventDate "2025.05.28"]
[EventType "tourn"]
[EventRounds "9"]
[EventCountry "DEN"]
[SourceTitle "Live v. Claus Marcussen - Fredericia"]

1. e4 e6 2. d3 c5 3. Nf3 d5 4. Nbd2 Nc6 5. g3 Bd6 6. Bg2 Nge7 7. O-O O-O 8. Re1 Qc7 9. b3 Ng6 10. h4 Bd7 11. h5 Nge7 12. c3 Rad8 13. Qe2 e5 14. h6 g6 15. exd5 Nxd5 16. Bb2 Bg4 17. Nc4 Rfe8 18. Nxd6 Qxd6 19. Qc2 Nf6 20. Rad1 Bf5 21. Qc1 Bxd3 22. c4 e4 23. Re3 Ng4 24. Ne1 Nxe3 25. Qxe3 Nd4 26. Nxd3 exd3 27. Qg5 Qe5 28. Qxe5 Rxe5 29. Bd5 d2 30. Kg2 Re2 31. Bxd4 cxd4 32. Bxb7 d3 33. c5 Re1 34. Rxd2 Re2 35. Rd1 Rxa2 36. Be4 Rc2 37. c6 a5 38. Ra1 Rc5 39. Bf3 d2 40. Rd1 Rc1 41. Kf1 Re8 42. Kg2 Rxd1 43. Bxd1 Rc8 0-1

[Event "Fredericia Chess IM 2025"]
[Site "Fredericia"]
[Date "2025.05.28"]
[Round "1.5"]
[White "Collin, Moritz Valentin"]
[Black "Hansen, Lars"]
[Result "0-1"]
[WhiteElo "2250"]
[BlackElo "2218"]
[EventDate "2025.05.28"]
[EventType "tourn"]
[EventRounds "9"]
[EventCountry "DEN"]
[SourceTitle "Live v. Claus Marcussen - Fredericia"]

1. d4 Nf6 2. c4 e6 3. Nf3 b6 4. a3 Bb7 5. Nc3 d5 6. cxd5 Nxd5 7. e3 Nxc3 8. bxc3 Be7 9. Bd3 c5 10. O-O O-O 11. e4 Qc7 12. Qe2 Nd7 13. Rd1 Rac8 14. a4 Rfe8 15. h4 h6 16. h5 e5 17. d5 c4 18. Bc2 Nf6 19. Nh4 Rcd8 20. Nf5 Bc8 21. Nxe7+ Qxe7 22. Qxc4 Nxh5 23. a5 Bg4 24. f3 Bxf3 25. gxf3 Qh4 26. Qe2 Rd6 27. Qf2 Rg6+ 28. Kf1 Qh3+ 29. Ke1 Rg2 30. Bd3 Rxf2 31. Kxf2 Qh2+ 32. Ke1 Qh1+ 33. Ke2 Ng3+ 34. Kd2 Qg2+ 35. Ke3 f5 36. exf5 e4 37. fxe4 Nxf5+ 38. Kf4 Qg3+ 39. Kxf5 Re5# 0-1

[Event "Fredericia Chess IM 2025"]
[Site "Fredericia"]
[Date "2025.05.29"]
[Round "2.1"]
[White "Falkesgaard, Jeppe Hald"]
[Black "Fries Nielsen, Jens Ove"]
[Result "1-0"]
[WhiteElo "2271"]
[BlackElo "2300"]
[EventDate "2025.05.28"]
[EventType "tourn"]
[EventRounds "9"]
[EventCountry "DEN"]
[SourceTitle "Live v. Claus Marcussen - Fredericia"]

1. d4 e6 2. c4 g6 3. e4 Bg7 4. Nf3 d6 5. Nc3 Nf6 6. Be3 h6 7. h3 Nc6 8. Qd2 a6 9. Be2 Ne7 10. O-O g5 11. e5 dxe5 12. Nxe5 Nf5 13. f4 O-O 14. fxg5 Nxe3 15. Qxe3 hxg5 16. Rad1 Nh7 17. Bh5 f5 18. Bg6 Qe7 19. Ne4 fxe4 20. Bf7+ Rxf7 21. Rxf7 Qxf7 22. Nxf7 Kxf7 23. Qxe4 Nf6 24. Qe5 Bd7 25. Qxg5 Rh8 26. Rf1 Rh6 27. Qe5 Ke7 28. Qc5+ Ke8 29. Qxc7 Ne4 30. Qf4 Bxd4+ 31. Kh2 Bc6 32. Qf8+ 1-0

[Event "Fredericia Chess IM 2025"]
[Site "Fredericia"]
[Date "2025.05.29"]
[Round "2.2"]
[White "Farokhi, Keyvan"]
[Black "Mattenberger, Matthias"]
[Result "1/2-1/2"]
[WhiteElo "2344"]
[BlackElo "2286"]
[EventDate "2025.05.28"]
[EventType "tourn"]
[EventRounds "9"]
[EventCountry "DEN"]
[SourceTitle "Live v. Claus Marcussen - Fredericia"]

1. e4 c5 2. Nf3 d6 3. d4 cxd4 4. Nxd4 Nf6 5. Nc3 a6 6. f4 e5 7. Nb3 b5 8. fxe5 dxe5 9. Qxd8+ Kxd8 10. Be3 Nbd7 11. O-O-O Kc7 12. Be2 Bb4 13. Rd3 Bb7 14. Rf1 Rhf8 15. a3 Be7 16. Bf3 Rad8 17. g4 h6 18. Nd5+ Nxd5 19. exd5 Bg5 20. Bxg5 hxg5 21. Rc3+ Kb6 22. a4 Rc8 23. a5+ Ka7 24. Rxc8 Rxc8 25. Nd2 Nc5 26. Ne4 Nxe4 27. Bxe4 f6 28. Rd1 Kb8 29. Bf5 Rd8 30. d6 Bc6 31. h3 Kb7 1/2-1/2

[Event "Fredericia Chess IM 2025"]
[Site "Fredericia"]
[Date "2025.05.29"]
[Round "2.3"]
[White "Bank, Pelle Rodkjaer"]
[Black "Kanov, Nikola Krasimirov"]
[Result "0-1"]
[WhiteElo "2275"]
[BlackElo "2429"]
[EventDate "2025.05.28"]
[EventType "tourn"]
[EventRounds "9"]
[EventCountry "DEN"]
[SourceTitle "Live v. Claus Marcussen - Fredericia"]

1. d4 Nf6 2. Bg5 Ne4 3. Bf4 d6 4. Nd2 Nf6 5. e3 g6 6. h3 Bg7 7. Ngf3 O-O 8. Bc4 Nbd7 9. O-O Nh5 10. Bh2 e5 11. c3 Qe7 12. Qc2 Kh8 13. e4 Nb6 14. Bd3 f5 15. exf5 gxf5 16. dxe5 dxe5 17. Rfe1 e4 18. Nxe4 fxe4 19. Rxe4 Qd8 20. Rd4 Bxd4 21. cxd4 Nf4 22. Bxh7 Nbd5 23. Re1 Qf6 24. Re5 Qg7 25. Ng5 Bd7 26. h4 Rae8 27. Be4 Rxe5 28. dxe5 Qxe5 29. Bg3 Nf6 30. Bf3 Qe1+ 31. Kh2 Ne6 32. Qg6 Be8 33. Qh6+ Kg8 34. Ne4 Qxe4 35. Qxf6 Rxf6 36. Bxe4 Nc5 37. Bd5+ Bf7 38. Bxf7+ Rxf7 39. f3 Nd3 40. b3 b5 0-1

[Event "Fredericia Chess IM 2025"]
[Site "Fredericia"]
[Date "2025.05.29"]
[Round "2.4"]
[White "Skytte, Rasmus"]
[Black "Collin, Moritz Valentin"]
[Result "1-0"]
[WhiteElo "2360"]
[BlackElo "2250"]
[EventDate "2025.05.28"]
[EventType "tourn"]
[EventRounds "9"]
[EventCountry "DEN"]
[SourceTitle "Live v. Claus Marcussen - Fredericia"]

1. e4 c5 2. Nf3 e6 3. d4 cxd4 4. Nxd4 Nc6 5. Nc3 Qc7 6. Ncb5 Qb8 7. Bd3 a6 8. Nxc6 bxc6 9. Nd4 e5 10. Ne2 Bc5 11. O-O Nf6 12. Bg5 Be7 13. Ng3 d6 14. Bxf6 Bxf6 15. Nh5 Qxb2 16. Qf3 Ke7 17. Bc4 Qb4 18. Bb3 Qd2 19. Rad1 Qg5 20. Qc3 c5 21. Rxd6 Kxd6 22. Rd1+ Kc7 23. Qxc5+ Kb8 24. Qd6+ Ka7 25. Qc7+ Bb7 26. Bd5 Rab8 27. Rb1 Ka8 28. Bxb7+ 1-0

[Event "Fredericia Chess IM 2025"]
[Site "Fredericia"]
[Date "2025.05.29"]
[Round "2.5"]
[White "Medhus, Vitus Bondo"]
[Black "Hansen, Lars"]
[Result "1-0"]
[WhiteElo "2384"]
[BlackElo "2218"]
[EventDate "2025.05.28"]
[EventType "tourn"]
[EventRounds "9"]
[EventCountry "DEN"]
[SourceTitle "Live v. Claus Marcussen - Fredericia"]

1. e4 c5 2. Nc3 g6 3. f4 Bg7 4. Nf3 Nc6 5. a4 e6 6. e5 d6 7. Bb5 Nge7 8. Ne4 dxe5 9. fxe5 O-O 10. Nf6+ Kh8 11. d4 Nxd4 12. c3 Nxb5 13. Qxd8 Rxd8 14. Ng5 Rf8 15. axb5 Bxf6 16. exf6 Nf5 17. b6 a6 18. g4 Nd6 19. Be3 h6 20. Bxc5 hxg5 21. Bxd6 Rd8 22. Be7 Rd5 23. h4 Bd7 24. hxg5+ Kg8 25. Rh4 Rc8 26. Kf2 Bc6 27. Ke3 Re5+ 28. Kd2 Bd5 29. Rg1 Rc4 30. Bf8 Rf4 31. Bg7 Rf2+ 32. Kc1 1-0

[Event "Fredericia Chess IM 2025"]
[Site "Fredericia"]
[Date "2025.05.29"]
[Round "3.1"]
[White "Mattenberger, Matthias"]
[Black "Falkesgaard, Jeppe Hald"]
[Result "1/2-1/2"]
[WhiteElo "2286"]
[BlackElo "2271"]
[EventDate "2025.05.28"]
[EventType "tourn"]
[EventRounds "9"]
[EventCountry "DEN"]
[SourceTitle "Live v. Claus Marcussen - Fredericia"]

1. d4 d5 2. c4 c6 3. Nc3 Nf6 4. Nf3 e6 5. Bg5 h6 6. Bxf6 Qxf6 7. e3 g6 8. Be2 Bg7 9. O-O O-O 10. Ne5 Nd7 11. f4 Nxe5 12. fxe5 Qe7 13. cxd5 exd5 14. Bd3 Be6 15. Qe1 Qb4 16. a3 Qb3 17. Qd2 Qb6 18. Kh1 a5 19. Rac1 a4 20. Ne2 Rfc8 21. Nf4 c5 22. dxc5 Qc6 23. Qb4 Qd7 24. e4 d4 25. Bb5 Qc7 26. Nd5 Qxe5 27. Ne7+ Kh7 28. Nxc8 Rxc8 29. Bd3 Qh5 30. Rf3 Be5 31. h3 Bd6 32. Rcf1 Rxc5 33. Qxd4 Qe5 34. Qxe5 Bxe5 35. R3f2 Bb3 36. g4 Kg7 37. Kg2 Rc6 38. Bb5 Rb6 39. Be8 Bf6 40. e5 Bd5+ 41. Kg1 Bxe5 42. Bxf7 Bc6 43. Bc4 Bd4 44. Kh2 Be5+ 45. Kg1 Bd4 46. Kh2 Be5+ 47. Kg1 1/2-1/2

[Event "Fredericia Chess IM 2025"]
[Site "Fredericia"]
[Date "2025.05.29"]
[Round "3.2"]
[White "Fries Nielsen, Jens Ove"]
[Black "Medhus, Vitus Bondo"]
[Result "1-0"]
[WhiteElo "2300"]
[BlackElo "2384"]
[EventDate "2025.05.28"]
[EventType "tourn"]
[EventRounds "9"]
[EventCountry "DEN"]
[SourceTitle "Live v. Claus Marcussen - Fredericia"]

1. e4 e5 2. Nf3 Nc6 3. Bb5 a6 4. Ba4 Nf6 5. d3 b5 6. Bb3 Bc5 7. a4 b4 8. a5 d6 9. Bg5 h6 10. Be3 Bxe3 11. fxe3 O-O 12. O-O Be6 13. Nbd2 Qb8 14. Nh4 Qa7 15. Qe2 Nd7 16. Nf5 Qc5 17. Nc4 Kh7 18. Qh5 Nf6 19. Qh4 Ng8 20. Rf3 g6 21. Ng3 Kg7 22. Raf1 Rae8 23. Nf5+ Kh7 24. Ng3 Re7 25. h3 Ree8 26. Kh2 Kg7 27. Nf5+ Kh7 28. Ng3 Qb5 29. Nd2 Bxb3 30. Nxb3 Kg7 31. Nh5+ Kh8 32. Nf6 Nxf6 33. Qxh6+ Kg8 34. Rxf6 Nd8 35. h4 Ne6 36. h5 Qd7 37. hxg6 fxg6 38. Rxg6+ Ng7 39. Rf5 Rf7 40. Rh5 Kf8 41. Qh8+ Ke7 42. Qxg7 Qc6 43. Qh6 Qxc2 44. Re6+ Kd7 45. Rxe8 Qxb3 46. Rf8 Re7 47. Qf6 Qxb2 48. Rhh8 Qd2 49. Rd8+ Kc6 50. Qxe7 Qxe3 51. Qd7+ Kc5 52. Qxc7+ Kb5 53. Rb8+ Ka4 54. Rxb4+ 1-0

[Event "Fredericia Chess IM 2025"]
[Site "Fredericia"]
[Date "2025.05.29"]
[Round "3.3"]
[White "Kanov, Nikola Krasimirov"]
[Black "Farokhi, Keyvan"]
[Result "1-0"]
[WhiteElo "2429"]
[BlackElo "2344"]
[EventDate "2025.05.28"]
[EventType "tourn"]
[EventRounds "9"]
[EventCountry "DEN"]
[SourceTitle "Live v. Claus Marcussen - Fredericia"]

1. e4 e5 2. Nf3 Nc6 3. Bc4 Bc5 4. O-O d6 5. c3 Bb6 6. d3 h6 7. a4 Nge7 8. b4 a6 9. Qb3 O-O 10. Be3 Ng6 11. Bxb6 cxb6 12. Nbd2 Kh8 13. Kh1 f5 14. Rae1 Nf4 15. g3 fxe4 16. dxe4 Nh3 17. Be6 Qf6 18. Bxc8 Raxc8 19. Kg2 Ng5 20. Nxg5 hxg5 21. Re3 Ne7 22. Rd3 g4 23. Qd1 Qg6 24. Rh1 Qh5 25. Qf1 Qh3+ 26. Kg1 b5 27. Qxh3+ gxh3 28. axb5 axb5 29. Kf1 Rc6 30. Ke2 Ra8 31. Rd1 Ra2 32. Kf3 Nc8 33. Rc1 Nb6 34. Kg4 Na4 35. Kxh3 Nxc3 36. Rcxc3 Rxc3 37. Rxc3 Rxd2 38. f3 Rd4 39. Rc7 Rxb4 40. Rxb7 Kh7 41. Rb6 Rd4 42. Rxb5 Rc4 43. Rd5 Rc6 44. Kg4 Kg6 45. h4 Ra6 46. f4 exf4 47. Kxf4 Kf6 48. Rxd6+ 1-0

[Event "Fredericia Chess IM 2025"]
[Site "Fredericia"]
[Date "2025.05.29"]
[Round "3.4"]
[White "Collin, Moritz Valentin"]
[Black "Bank, Pelle Rodkjaer"]
[Result "0-1"]
[WhiteElo "2250"]
[BlackElo "2275"]
[EventDate "2025.05.28"]
[EventType "tourn"]
[EventRounds "9"]
[EventCountry "DEN"]
[SourceTitle "Live v. Claus Marcussen - Fredericia"]

1. d4 d6 2. e4 Nf6 3. Nc3 e5 4. Nf3 exd4 5. Nxd4 g6 6. Be2 Bg7 7. O-O O-O 8. f4 Re8 9. Bf3 Na6 10. Nb3 c6 11. Re1 Nc7 12. Be3 d5 13. e5 Nd7 14. Bf2 Ne6 15. g3 f6 16. exf6 Nxf6 17. a4 Bd7 18. a5 Qc7 19. Qd2 Bh6 20. Kh1 Rf8 21. Nc5 Nxc5 22. Bxc5 Rfe8 23. Rxe8+ Bxe8 24. a6 Bf7 25. Bd4 Nd7 26. axb7 Qxb7 27. Na4 Bf8 28. b3 Rd8 29. Qa5 Ra8 30. Re1 Bb4 0-1

[Event "Fredericia Chess IM 2025"]
[Site "Fredericia"]
[Date "2025.05.29"]
[Round "3.5"]
[White "Hansen, Lars"]
[Black "Skytte, Rasmus"]
[Result "0-1"]
[WhiteElo "2218"]
[BlackElo "2360"]
[EventDate "2025.05.28"]
[EventType "tourn"]
[EventRounds "9"]
[EventCountry "DEN"]
[SourceTitle "Live v. Claus Marcussen - Fredericia"]

1. Nf3 d5 2. e3 Nf6 3. b3 e6 4. Bb2 b6 5. c4 Bb7 6. cxd5 exd5 7. Nc3 a6 8. Ne2 Nbd7 9. Rc1 c5 10. Ng3 g6 11. d4 Bg7 12. Bd3 O-O 13. O-O Re8 14. Rc2 Qe7 15. Qe2 Ne4 16. dxc5 Nxg3 17. hxg3 bxc5 18. Ba3 Rac8 19. Qd2 Qe6 20. Rfc1 d4 21. exd4 Bxf3 22. gxf3 Bxd4 23. Kg2 Rcd8 24. Qf4 Ne5 25. Bc4 Qb6 26. Bf1 Rd5 27. Rd1 Red8 28. Bc4 Nxc4 29. Rxc4 Qe6 30. Rc2 Re8 31. Qg4 Qf6 32. Rcd2 h5 33. Qh3 Rf5 34. f4 Qc6+ 35. Kg1 h4 36. Qh1 Qe6 37. Rxd4 cxd4 38. Qf3 hxg3 39. fxg3 Ra5 0-1

[Event "Fredericia Chess IM 2025"]
[Site "Fredericia"]
[Date "2025.05.30"]
[Round "4.1"]
[White "Falkesgaard, Jeppe Hald"]
[Black "Kanov, Nikola Krasimirov"]
[Result "0-1"]
[WhiteElo "2271"]
[BlackElo "2429"]
[EventDate "2025.05.28"]
[EventType "tourn"]
[EventRounds "9"]
[EventCountry "DEN"]
[SourceTitle "Live v. Claus Marcussen - Fredericia"]

1. d4 Nf6 2. c4 e6 3. Nf3 c5 4. d5 b5 5. dxe6 fxe6 6. cxb5 a6 7. e3 d5 8. Nc3 c4 9. bxa6 Nc6 10. Be2 Bb4 11. O-O O-O 12. Qc2 Bxa6 13. Nd4 Qd7 14. Nxc6 Qxc6 15. Bd2 Bd6 16. Rfd1 Bb7 17. Be1 Bc7 18. Rd4 Kh8 19. Bf3 Bb6 20. Rh4 g5 21. Rh3 Qd7 22. g4 e5 23. Rd1 d4 24. Bxb7 Qxb7 25. Nb5 dxe3 26. fxe3 Nxg4 27. Bc3 Rf3 28. Rxf3 Qxf3 29. Re1 Bxe3+ 30. Rxe3 Qxe3+ 31. Kg2 Rf8 0-1

[Event "Fredericia Chess IM 2025"]
[Site "Fredericia"]
[Date "2025.05.30"]
[Round "4.2"]
[White "Fries Nielsen, Jens Ove"]
[Black "Mattenberger, Matthias"]
[Result "0-1"]
[WhiteElo "2300"]
[BlackElo "2286"]
[EventDate "2025.05.28"]
[EventType "tourn"]
[EventRounds "9"]
[EventCountry "DEN"]
[SourceTitle "Live v. Claus Marcussen - Fredericia"]

1. e4 c5 2. Nf3 d6 3. d4 cxd4 4. Nxd4 Nf6 5. Nd2 g6 6. Bb5+ Nbd7 7. a4 Bg7 8. O-O a6 9. Bc4 O-O 10. a5 Nc5 11. f3 b5 12. axb6 Qxb6 13. Kh1 Bb7 14. Ba2 e5 15. Nc4 Qc7 16. Nb3 Nxb3 17. Bxb3 d5 18. Na5 dxe4 19. Nxb7 Qxb7 20. fxe4 Rad8 21. Qe2 Nxe4 22. Bc4 Nd6 23. Bxa6 Qc6 24. Ra3 e4 25. b4 Nf5 26. b5 Qc5 27. Qxe4 Rd4 28. Qc6 Qe5 29. Bb2 Rf4 0-1

[Event "Fredericia Chess IM 2025"]
[Site "Fredericia"]
[Date "2025.05.30"]
[Round "4.3"]
[White "Farokhi, Keyvan"]
[Black "Collin, Moritz Valentin"]
[Result "1-0"]
[WhiteElo "2344"]
[BlackElo "2250"]
[EventDate "2025.05.28"]
[EventType "tourn"]
[EventRounds "9"]
[EventCountry "DEN"]
[SourceTitle "Live v. Claus Marcussen - Fredericia"]

1. d4 Nf6 2. c4 e6 3. Nc3 Bb4 4. e3 O-O 5. Bd2 b6 6. Nf3 d5 7. cxd5 exd5 8. Rc1 Be7 9. Bd3 Bb7 10. O-O c5 11. Ne5 Nc6 12. Be1 a6 13. Ne2 Re8 14. Ng3 Bf8 15. f4 Rc8 16. Bc3 b5 17. a3 c4 18. Bb1 a5 19. Qf3 b4 20. axb4 axb4 21. Be1 Ba6 22. Nh5 Ne4 23. Qg4 Rc7 24. Bxe4 dxe4 25. Bh4 Qc8 26. Nf6+ Kh8 27. Nxe8 Qxe8 28. d5 Na5 29. Rfd1 Bd6 30. Ra1 Rc5 31. Qd7 Qxd7 32. Nxd7 Rb5 33. Bd8 Bc8 34. Ne5 Bxe5 35. fxe5 Nb3 36. Ra8 Bb7 37. Rb8 h5 38. Bb6+ Kh7 39. Rxb7 c3 40. bxc3 bxc3 41. Rc7 1-0

[Event "Fredericia Chess IM 2025"]
[Site "Fredericia"]
[Date "2025.05.30"]
[Round "4.4"]
[White "Bank, Pelle Rodkjaer"]
[Black "Hansen, Lars"]
[Result "1/2-1/2"]
[WhiteElo "2275"]
[BlackElo "2218"]
[EventDate "2025.05.28"]
[EventType "tourn"]
[EventRounds "9"]
[EventCountry "DEN"]
[SourceTitle "Live v. Claus Marcussen - Fredericia"]

1. d4 d5 2. c4 dxc4 3. Nf3 Nf6 4. e3 e6 5. Bxc4 c5 6. O-O a6 7. Be2 Nbd7 8. Nbd2 b6 9. Nc4 b5 10. Nce5 Bb7 11. a4 b4 12. a5 Bd6 13. Nc4 Be7 14. Nce5 Bd6 15. Nc4 Be7 16. Bd3 O-O 17. Qe2 Qc7 18. Bd2 Be4 19. Bxe4 Nxe4 20. Rfd1 Nxd2 21. Rxd2 cxd4 22. Nxd4 Rfc8 23. Rc2 Qb7 24. Rac1 Rc5 25. Nb3 Rc7 26. Qd1 Rac8 27. h3 g6 28. Ncd2 Rxc2 29. Rxc2 Rxc2 30. Qxc2 Bf6 31. Nf3 1/2-1/2

[Event "Fredericia Chess IM 2025"]
[Site "Fredericia"]
[Date "2025.05.30"]
[Round "4.5"]
[White "Medhus, Vitus Bondo"]
[Black "Skytte, Rasmus"]
[Result "1/2-1/2"]
[WhiteElo "2384"]
[BlackElo "2360"]
[EventDate "2025.05.28"]
[EventType "tourn"]
[EventRounds "9"]
[EventCountry "DEN"]
[SourceTitle "Live v. Claus Marcussen - Fredericia"]

1. e4 c5 2. Nc3 Nc6 3. f4 g6 4. Nf3 Bg7 5. a3 b6 6. Rb1 e6 7. e5 Nge7 8. Ne4 O-O 9. b4 d5 10. exd6 Nf5 11. bxc5 bxc5 12. Be2 Nxd6 13. Nxc5 Qa5 14. Nb3 Qb6 15. d4 a5 16. Rb2 Qa7 17. c3 Ne7 18. Nc5 Nd5 19. Bd2 Nb6 20. Ne5 Qc7 21. O-O Rb8 22. Qb1 f6 23. Nf3 Re8 24. Na4 Nd7 25. Rxb8 Nxb8 26. Qb6 Qxb6 27. Nxb6 Ne4 28. Bb5 Rd8 29. Re1 Nxd2 30. Nxd2 e5 31. fxe5 fxe5 32. dxe5 Be6 33. Bc4 Bxc4 34. Nbxc4 Nc6 35. Nf3 Rd3 36. Rc1 Rd5 37. Kf2 Rc5 38. Ncd2 Nxe5 39. Nxe5 Bxe5 40. Nf3 Bxc3 41. Ke2 a4 42. Rb1 Bf6 43. Rb8+ Kf7 44. Rb7+ Ke6 45. Rb4 Ra5 46. Rb6+ Kf7 47. Rb7+ Kg8 48. Kd3 Rc5 49. Rb6 Kf7 50. Rb7+ Kg8 51. Kd2 Rd5+ 52. Ke2 Rc5 53. Ra7 Rc2+ 54. Kf1 1/2-1/2

[Event "Fredericia Chess IM 2025"]
[Site "Fredericia"]
[Date "2025.05.30"]
[Round "5.1"]
[White "Collin, Moritz Valentin"]
[Black "Falkesgaard, Jeppe Hald"]
[Result "1-0"]
[WhiteElo "2250"]
[BlackElo "2271"]
[EventDate "2025.05.28"]
[EventType "tourn"]
[EventRounds "9"]
[EventCountry "DEN"]
[SourceTitle "Live v. Claus Marcussen - Fredericia"]

1. d4 d5 2. c4 c6 3. Nc3 Nf6 4. Nf3 e6 5. Bg5 Nbd7 6. e3 Qa5 7. cxd5 Nxd5 8. Qd2 Bb4 9. Rc1 Nxc3 10. bxc3 Ba3 11. Rb1 b6 12. Bd3 Ba6 13. c4 Qxd2+ 14. Nxd2 c5 15. O-O cxd4 16. exd4 h6 17. Bf4 O-O 18. Rb3 Be7 19. Rc1 Rad8 20. h3 Nb8 21. Nf3 Nc6 22. Be3 Na5 23. Rbc3 Bb4 24. R3c2 Rc8 25. Nd2 Rfd8 26. Bf1 Bxd2 27. Bxd2 Rxd4 28. c5 Bxf1 29. Kxf1 Rd5 30. Bxa5 bxa5 31. c6 Rc7 32. Rb1 Rd6 33. Rb8+ Kh7 34. Rb7 Rcxc6 35. Rxc6 Rxc6 36. Rxf7 Kg6 37. Rf4 Rc1+ 38. Ke2 Rc2+ 39. Kf3 Rxa2 40. Rg4+ Kf6 41. Rf4+ Ke7 42. Rg4 Ra3+ 43. Ke2 Kf6 44. Rf4+ Ke5 45. Rf7 g5 46. Rxa7 Ke4 47. Rh7 Ra2+ 48. Kf1 a4 49. Rxh6 e5 50. Ra6 Kd3 51. g3 a3 52. h4 gxh4 53. gxh4 Ra1+ 54. Kg2 Kc3 55. h5 Kb2 56. Rb6+ Ka2 57. h6 Rc1 58. h7 Rc8 59. Kf3 Ka1 60. Kg4 a2 61. Kg5 e4 62. Kh6 e3 63. fxe3 Rb8 64. Rg6 Kb1 65. Rg8 Rb6+ 66. Kh5 Rb5+ 67. Kh4 Rb4+ 68. Kh3 1-0

[Event "Fredericia Chess IM 2025"]
[Site "Fredericia"]
[Date "2025.05.30"]
[Round "5.2"]
[White "Kanov, Nikola Krasimirov"]
[Black "Fries Nielsen, Jens Ove"]
[Result "1-0"]
[WhiteElo "2429"]
[BlackElo "2300"]
[EventDate "2025.05.28"]
[EventType "tourn"]
[EventRounds "9"]
[EventCountry "DEN"]
[SourceTitle "Live v. Claus Marcussen - Fredericia"]

1. e4 c5 2. Nf3 Nc6 3. d4 cxd4 4. Nxd4 Nf6 5. Nc3 d6 6. Bg5 e6 7. Qd2 a6 8. O-O-O Bd7 9. f4 Be7 10. Nf3 b5 11. Bxf6 gxf6 12. Kb1 Nb4 13. f5 Qa5 14. Nd4 Nc6 15. Nxc6 Bxc6 16. Bd3 O-O-O 17. Qh6 Rdg8 18. Qh3 Bd7 19. Ne2 Kb8 20. Rhf1 Qc7 21. Nf4 Bd8 22. Be2 Qc6 23. Bh5 Rg7 24. Qa3 Bc7 25. Bxf7 e5 26. Bd5 Qb6 27. Nh5 Rxg2 28. Nxf6 Bc8 29. Qh3 Re2 30. Qh5 Rg2 31. Ng4 Qc5 32. c3 b4 33. Qh3 1-0

[Event "Fredericia Chess IM 2025"]
[Site "Fredericia"]
[Date "2025.05.30"]
[Round "5.3"]
[White "Mattenberger, Matthias"]
[Black "Medhus, Vitus Bondo"]
[Result "1/2-1/2"]
[WhiteElo "2286"]
[BlackElo "2384"]
[EventDate "2025.05.28"]
[EventType "tourn"]
[EventRounds "9"]
[EventCountry "DEN"]
[SourceTitle "Live v. Claus Marcussen - Fredericia"]

1. d4 d5 2. c4 e6 3. Nc3 c6 4. e4 dxe4 5. Nxe4 Bb4+ 6. Nc3 e5 7. Be3 Qa5 8. Nge2 exd4 9. Bxd4 Nf6 10. a3 Be7 11. Ng3 O-O 12. Qc2 c5 13. Be3 Nc6 14. O-O-O Ng4 15. Nd5 Nxe3 16. fxe3 Be6 17. Bd3 g6 18. Nxe7+ Nxe7 19. h4 Qc7 20. Qf2 b5 21. cxb5 c4 22. Be4 Rab8 23. Ne2 Rxb5 24. Nc3 Rb3 25. Qf6 Qb6 26. Rd4 Nc6 27. Bxc6 Qxc6 28. Rd2 h5 29. Rhd1 Qb6 30. Qe5 Kh7 31. Rd6 Qb7 32. Ne4 Rb5 33. Nf6+ Kh6 34. Qf4+ Kg7 35. Qd4 Kh6 36. Rd8 Rxd8 37. Qf4+ Kg7 38. Rxd8 Rf5 39. Ne8+ Kh7 40. Nf6+ Kg7 41. Ne8+ Kh7 1/2-1/2